<?xml version="1.0" encoding="UTF-8"?>
<marc:record xmlns:marc="http://www.loc.gov/MARC21/slim">
   <marc:leader>00000nam a2200000 a 4500</marc:leader>
   <marc:datafield ind1="1" ind2=" " tag="100">
      <marc:subfield code="a">Till, Jochen</marc:subfield>
      <marc:subfield code="4">aut</marc:subfield>
      <marc:subfield code="e">Verfasser/-in</marc:subfield>
   </marc:datafield>
   <marc:datafield ind1="0" ind2="0" tag="245">
      <marc:subfield code="a">Bildkarten: Ich bin für dich da!</marc:subfield>
   </marc:datafield>
   <marc:datafield ind1="0" ind2="0" tag="245">
      <marc:subfield code="b">Entdecken - Erzählen - Begreifen: Bilderbuchgeschichten. Mitgefühl und Empathie zeigen: Eine Tiergeschichte zum Thema Gefühle im Kindergarten</marc:subfield>
   </marc:datafield>
   <marc:datafield ind1="0" ind2="0" tag="245">
      <marc:subfield code="c">Till, Jochen</marc:subfield>
   </marc:datafield>
   <marc:datafield ind1=" " ind2="1" tag="264">
      <marc:subfield code="a">München</marc:subfield>
      <marc:subfield code="b">Don Bosco Medien</marc:subfield>
      <marc:subfield code="c">2023</marc:subfield>
   </marc:datafield>
   <marc:datafield ind1="1" ind2=" " tag="490">
      <marc:subfield code="a">Kamishibai Erzähltheater</marc:subfield>
   </marc:datafield>
   <marc:datafield ind1=" " ind2=" " tag="250">
      <marc:subfield code="a">1. Auflage</marc:subfield>
   </marc:datafield>
   <marc:datafield ind1="1" ind2=" " tag="520">
      <marc:subfield code="a">Trösten kann jeder!&#xD;
&#xD;
Urkomisch und zutiefst herzerwärmend: Das tollkühne Stachelschwein versucht mit allen Mitteln, die Aufmerksamkeit einer schluchzenden Giraffe auf sich zu lenken. Helfen und Trösten sind keine leichte Aufgabe, aber der stachelige Geselle bleibt hartnäckig: Die Welt ist schöner, wenn alle darin glücklich sind!&#xD;
Die herrlich schräge Bildergeschichte für Kinder jeden Alters wird im Erzähltheater zum Lichtblick an traurigen Tagen und macht die hellen Tage noch ein bisschen leuchtender.&#xD;
Mitgefühl und Empathie zeigen: Eine Tiergeschichte zum Thema Gefühle im Kindergarten.</marc:subfield>
   </marc:datafield>
   <marc:datafield ind1="3" ind2=" " tag="024">
      <marc:subfield code="a">4260694920824</marc:subfield>
   </marc:datafield>
   <marc:datafield ind1=" " ind2=" " tag="041">
      <marc:subfield code="a">ger</marc:subfield>
   </marc:datafield>
   <marc:datafield ind1=" " ind2=" " tag="300">
      <marc:subfield code="a">17 Seiten</marc:subfield>
   </marc:datafield>
</marc:record>
